Countries with Most Declining Populations - Statistics

General Stats
  • This quiz has been taken 159 times
  • The average score is 15 of 20
Answer Stats
Loss Country % Correct
22.0 mil Russia
97%
336 mil China
96%
34.1 mil Japan
94%
9.12 mil Ukraine
91%
14.5 mil Italy
87%
11.3 mil Poland
84%
4.53 mil Romania
84%
15.6 mil South Korea
84%
9.56 mil Spain
84%
9.36 mil Germany
83%
2.49 mil Greece
80%
2.58 mil Bulgaria
78%
2.49 mil Serbia
69%
2.14 mil Portugal
66%
2.26 mil Hungary
65%
2.31 mil North Korea
57%
13.2 mil Thailand
54%
4.54 mil Taiwan
52%
2.69 mil Cuba
31%
2.10 mil Sri Lanka
21%
No matching quizzes found
Score Distribution
Percent of People with Each Score
Percentile by Number Answered
Your Score History
You have not taken this quiz